| 000 | 00633nam a2200181 4500 | ||
|---|---|---|---|
| 001 | 144937 | ||
| 003 | ES-MaACL | ||
| 005 | 20230906201130.0 | ||
| 007 | t| | ||
| 008 | 070214s1971 sp r ||||1| spa d | ||
| 100 | 1 |
_aSimon, Herbert Alexander. _9106512 |
|
| 245 | 1 | 3 |
_aEl comportamiento administrativo _b: estudio de los procesos decisorios en la organización administrativa / _cHerbert A. Simon ; traducción del inglés por Amando Lázaro Ros. |
| 250 | _a2ª. ed. | ||
| 260 |
_aMadrid : _bAguilar, _c1971. |
||
| 300 |
_aLI, 240 p. ; _c22 cm. |
||
| 700 | 1 |
_aLázaro Ros, Amando. _970807 |
|
| 852 |
_aES-MaACL _jC-45080 _bR.79009 |
||
| 999 |
_c144937 _d144937 |
||